Environmental Systems and Societies (Record no. 772)

MARC details
005 - DATE AND TIME OF LATEST TRANSACTION
control field 20250317112236.0
020 ## - INTERNATIONAL STANDARD BOOK NUMBER
International Standard Book Number 978-0-19-838914-9
082 ## - DEWEY DECIMAL CLASSIFICATION NUMBER
Classification number 363.7 RUT
100 ## - MAIN ENTRY--PERSONAL NAME
Author name RUTHERFORD, J.
245 ## - TITLE STATEMENT
Title Environmental Systems and Societies
260 ## - PUBLICATION, DISTRIBUTION, ETC.
Place of publication, distribution, etc. New York,
Name of publisher, distributor, etc. Oxford University Press,
Date of publication, distribution, etc. 2009.
300 ## - PHYSICAL DESCRIPTION
Extent 376p.: ill.; figure, graph, map, picture, table.
Other physical details Index.
Dimensions 28cm.
942 ## - ADDED ENTRY ELEMENTS (KOHA)
Source of classification or shelving scheme Dewey Decimal Classification
Koha item type Books
Holdings
Date last seen Total checkouts Full call number Barcode Cost, replacement price Price effective from Koha item type Lost status Source of classification or shelving scheme Damaged status Not for loan Withdrawn status Home library Current library Shelving location Date acquired Cost, normal purchase price
06/28/2025   363.7 RUT DOM0002189 91800.00 06/28/2025 Books   Dewey Decimal Classification       CBE Dodoma CBE Dodoma General Collection 03/17/2015 30600.00
03/17/2025   363. 7 RUT 0000003113 91800.00 03/17/2025 Books   Dewey Decimal Classification       College of Business Education Main Library College of Business Education Main Library General Collection 03/17/2025 30600.00